| Tag |
First Indicator |
Second Indicator |
Subfields |
| LEADER |
00000cam a2200000 i 4500 |
| 001 |
in00003724021 |
| 005 |
20170927095941.0 |
| 008 |
160113t20162016onc b 001 0 eng |
| 020 |
|
|
|a 9781442634510
|q (paperback)
|
| 020 |
|
|
|a 1442634510
|q (paperback)
|
| 020 |
|
|
|a 9781442634527
|q (hardback)
|
| 020 |
|
|
|a 1442634529
|q (hardback)
|
| 035 |
|
|
|a (OCoLC)ocn928487428
|
| 040 |
|
|
|a NLC
|b eng
|e rda
|c NLC
|d CDX
|d C#P
|d UtOrBLW
|
| 049 |
|
|
|a TXAM
|
| 050 |
|
4 |
|a HM821
|b .M35 2016
|
| 055 |
|
0 |
|a HM821
|b M35 2016
|
| 082 |
0 |
|
|a 305
|2 23
|
| 100 |
1 |
|
|a McGill, Kenneth,
|d 1973-
|e author.
|0 http://id.loc.gov/authorities/names/no2016148453
|
| 245 |
1 |
0 |
|a Global inequality /
|c Kenneth McGill.
|
| 264 |
|
1 |
|a Toronto ;
|a Tonawanda, New York :
|b University of Toronto Press,
|c [2016]
|
| 264 |
|
4 |
|c ©2016
|
| 300 |
|
|
|a viii, 127 pages :
|b illustrations ;
|c 24 cm.
|
| 336 |
|
|
|a text
|b txt
|2 rdacontent
|
| 337 |
|
|
|a unmediated
|b n
|2 rdamedia
|
| 338 |
|
|
|a volume
|b nc
|2 rdacarrier
|
| 504 |
|
|
|a Includes bibliographical references (pages 111-119) and index.
|
| 505 |
0 |
|
|a Introduction : anthropology and inequality -- Global inequality : historical-anthropological perspectives -- The challenge of global inequality -- The production of inequality -- Rights, equality and the nation-state -- Welfare and economic inequality -- Resistance and social organization in an unequal world -- Situated subjects in an unequal world.
|
| 520 |
|
|
|a Inequality is currently gaining considerable attention in academic, policy and media circles. From Thomas Piketty to Robert Putnam, there is no shortage of economic, sociological or political analyses. But what does anthropology, with its focus on the qualitative character of relationships between people, have to offer? Drawing on current scholarship and illustrative ethnographic case studies, McGill argues that anthropology is particularly well suited to interrogating global inequality, not just within nations, but across nations as well. The book is designed to be used flexibly in a variety of undergraduate classes, from introductory cultural anthropology, to courses on globalization, economic and political anthropology and inequality. Brief, accessibly written, and peppered with vivid ethnographic examples that bring contemporary research to life, Global Inequality is a unique offering for undergraduate anthropology courses.
|
| 650 |
|
0 |
|a Equality.
|0 http://id.loc.gov/authorities/subjects/sh85044503
|
| 650 |
|
0 |
|a Ethnology
|v Case studies.
|
| 945 |
|
|
|b 717310
|
| 947 |
|
|
|a A14843429953
|
| 948 |
|
|
|a cataloged
|b h
|c 2016/8/4
|d c
|e dmitchel
|f 2:30:20 pm
|
| 994 |
|
|
|a 92
|b TXA
|
| 999 |
f |
f |
|s ea1ee586-ea03-365b-bff1-7a7dd77010e5
|i b5eb8c4e-ab0f-3a45-bedf-2301a94672f1
|t 0
|
| 952 |
f |
f |
|p normal
|a Texas A&M University
|b College Station
|c Sterling C. Evans Library
|d Evans: Library Stacks
|t 0
|e HM821 .M35 2016
|h Library of Congress classification
|i unmediated -- volume
|m A14843429953
|
| 998 |
f |
f |
|a HM821 .M35 2016
|t 0
|l Evans: Library Stacks
|